000 00533nam a22001937a 4500
003 KOHA_MİRAKIL
005 20250318164548.0
008 250318b tu ||||| |||| 00| 0 tur d
020 _a9789755332987
040 _aTR-AnABB
_btur
_cTR-AnABB
041 _atur
082 _a828.33
_bMEL 2000
100 1 _aMelville, Pauline,
245 1 0 _aBiçim değiştiren /
_cPauline Melville
260 _aAnkara :
_bİmge Kitabevi
_c2000
300 _a210 sayfa ;
_c20 cm
650 0 4 _aİngiliz edebiyatı, roman
942 _2ddc
_cBK
999 _c8511
_d8511
900 _bGizem YORULMAZ